Länder, in denen Whatsapp verboten ist - Statistiken

Allgemein
  • Dieses Quiz wurde 137 mal gespielt
  • Das Durchschnittsergebnis liegt bei 3 aus 5
Antwortstatistiken
Kontinent Land % Korrekt
Asien Nordkorea
95%
Asien China
92%
Asien Syrien
36%
Asien Katar
28%
Asien Vereinigte Arabische Emirate
24%
Keine übereinstimmenden Quizze gefunden
Verteilung der Resultate
Anzahl Personen mit jedem Resultat
Perzentil nach korrekt beantworteten Fragen
Ihre Resultats-Entwicklung
Sie haben dieses Quiz noch nicht gespielt